000 00914 a2200325 4500
001 74422
003 TR-AnTOB
005 20250714113129.0
008 090420s1983 TR 00011 TUR
035 _a74422
040 _aTR-AnTOB
_cTR-AnTOB
041 1 _atur
_hger
050 _aPT2653.W42
_bZ84 1983
090 _aPT2653.W42 Z84 1983
100 _aZweig, Stefan,
_d1881-1942
_96931
245 0 _aStefan Zweig'in Fridrike'ye mektuplar /
_cStefan Zweig ; çev. Burhan Arpad.
264 1 _aİstanbul :
_bDüşün yayınları,
_c1983.
300 _a119 s. ;
_c20 cm.
336 _2rdacontent
_atext
_btxt
337 _2rdamedia
_aunmediated
_bn
338 _2rdacarrier
_avolume
_bnc
490 0 _aMektuplar Dizisi ;
_v4
650 7 _aAlman romanı
_2
_999760
700 1 _aArpad, Burhan
_953935
902 _a0029136
903 _aMerkez Kutuphane
942 _cBK
_2lcc
945 _aSC,C.Ş
999 _c74422
_d14150